书目信息 |
| 题名: |
中国古代阐释学研究
|
|
| 作者: | 周裕锴 | |
| 分册: | ||
| 出版信息: | 上海 上海人民出版社 2003 |
|
| 页数: | 429页 | |
| 开本: | 20cm | |
| 丛书名: | ||
| 单 册: | ||
| 中图分类: | B210.5 | |
| 科图分类: | ||
| 主题词: | 哲学--中国 | |
| 电子资源: | ||
| ISBN: | 7-208-04645-X | |
| 000 | 00521nam0 2200181 450 | |
| 001 | 0728815141 | |
| 005 | 20070819080015.14 | |
| 010 | @a7-208-04645-X@d¥28.00 | |
| 100 | @a20070819d km y0chiy0120 ea | |
| 101 | 0 | @achi |
| 200 | 1 | @a中国古代阐释学研究@Azhong guo gu dai chan shi xue yan jiu@f周裕锴@Fzhou yu kai |
| 210 | @a上海@c上海人民出版社@d2003 | |
| 215 | @a429页@d20cm | |
| 606 | 0 | @a哲学@x中国 |
| 690 | @aB210.5@v3 | |
| 701 | 0 | @a周裕锴@Azhou yu kai |
| 801 | 0 | @aCN@bPFT@c20070819 |
| 905 | @a213230@dB210.5@eZW136@f1 | |
| 中国古代阐释学研究/周裕锴.-上海:上海人民出版社,2003 |
| 429页;20cm |
| ISBN 7-208-04645-X:¥28.00 |
| ● |
| 相关链接 |
|
|
|
|
正题名:中国古代阐释学研究
索取号:B210.5/ZW136
 
预约/预借
| 序号 | 登录号 | 条形码 | 馆藏地/架位号 | 状态 | 备注 |
| 1 | 7600263 | 276002638 | 密集书库-文学院/ [索取号:B210.5/ZW136] | 在馆 |